Wait. What? #1 - Statistics

General Stats
  • This quiz has been taken 2,003 times
  • The average score is 6 of 13
Answer Stats
Clue Answer % Correct
Splitting headache. migraine
80%
A small round cake (cookie) with a meringue-like consistency, consisting of two halves sandwiching a creamy filling. macaron
74%
A symbol used to indicate a long vowel in some languages. Or a French President. macron
72%
A variety of pasta formed in narrow tubes. macaroni
65%
One millionth of a meter -- six letters. micron
59%
Light, chewy cookie made from coconut or almonds. macaroon
58%
He shared the Nobel Prize in Physics with Karl Braun for his contributions to radio communications. Marconi
41%
Sally, from When Harry Met Sally. Meg Ryan
31%
A line dance song about a gal who cheats on her boyfriend, with two of his friends, after he's been drafted into the army. Macarena
28%
Throw wads of cash in the air. make it rain
28%
Former Detroit Lions' receiver nicknamed after a Transformers character. Megatron
20%
An actor who was in at least one movie in each decade between 1926 and 2014, including Breakfast At Tiffany's, Night At The Museum, and National Velvet. Mickey Rooney
19%
Former name of airport serving Las Vegas. McCarran
15%
No matching quizzes found
Score Distribution
Percent of People with Each Score
Percentile by Number Answered
Your Score History
You have not taken this quiz